Privatizace a s ní související utváření corporate governance jakožto důležitý předpoklad úspěšného fungování podniku v České ekonomice
Vyhodnotenie efektívnosti jednotlivých foriem privatizácie, ich špecifickej štruktúry corporate governance, ktorá sa na základe zvoleného typu privatizácie v dotknutých podnikoch vytvorila. Privatizačný proces v českej ekonomike. Teoretický predpoklad českej privatizácie a jej praktický dopad na v...
Gespeichert in:
| 1. Verfasser: | |
|---|---|
| Format: | Buchkapitel |
| Sprache: | Tschechisch |
| Schlagworte: | |
| Tags: |
Keine Tags, Fügen Sie das erste Tag hinzu!
|
MARC
| LEADER | 00000naa$a2200000$$$4500 | ||
|---|---|---|---|
| 001 | 0069526 | ||
| 005 | 20231017071705.0 | ||
| 041 | 0 | |a cze | |
| 044 | |a CZ | ||
| 245 | 1 | 0 | |a Privatizace a s ní související utváření corporate governance jakožto důležitý předpoklad úspěšného fungování podniku v České ekonomice |c Marian Lebiedzik |
| 520 | |a Vyhodnotenie efektívnosti jednotlivých foriem privatizácie, ich špecifickej štruktúry corporate governance, ktorá sa na základe zvoleného typu privatizácie v dotknutých podnikoch vytvorila. Privatizačný proces v českej ekonomike. Teoretický predpoklad českej privatizácie a jej praktický dopad na vytváranie corporate governance. | ||
| 610 | 2 | 0 | |a Česko |
| 610 | 2 | 0 | |a manažment |
| 610 | 2 | 0 | |a reštrukturalizácia |
| 610 | 2 | 0 | |a efektívnosť ekonomická |
| 610 | 2 | 0 | |a privatizácia |
| 610 | 2 | 0 | |a podnik |
| 610 | 2 | 0 | |a správa podniku |
| 100 | 1 | |a Lebiedzik, Marian | |